00857cam a2200241 a 450000100100000000500170001000800410002702000150006804000180008308200180010110000370011924500450015626000330020130000210023449000440025550000370029965000280033665000310036483000500039591000340044595201210047999900150060000000779920200929154313.0940314s1992 sp 000 1 spa  a840800154X aDO-SdBNPcDLC a863.64bC448c1 aChamorro, Eduardo,d1946-92150813aLa cruz de Santiago /cEduardo Chamorro. aBarcelona :bPlaneta,c1992. a285 p. ;c21 cm.1 aAutores Españoles e Hispanoamericanos a"Finalista Premio Planeta 1992". 4aNovela española91123 4aLiteratura española9632 0aAutores Españoles e Hispanoamericanos95042 aCatalogación por copia / LC 001052708MOaGRbGRcCTd2009-09-10iLF1l0o863.64 C448cp7799-10r2020-06-25w2020-06-25y2ZPréstamo interno c7577d7577